000 00514nam a2200157 i 4500
001 166799
003 ES-MaACL
005 20230906213414.0
008 950424s1843 sp |||| | spa d
100 1 _aUriarte, Joaquín.
_9133454
245 1 0 _aSituación administrativa /
_cpor D. J. U.
260 _aMadrid :
_b[s.n.],
_c1843 (
_fImp. de la Sociedad Literaria y Tipográfica)
300 _a32 p. ;
_c22 cm.
651 4 _aEspaña-
_xAdministración-
_yS.XIX.
_9138846
852 _aES-MaACL
_jR-1819(2)
_z- Enc. hol.
999 _c166799
_d166799